Press Vidhi (Record no. 5270)

MARC details
000 -LEADER
fixed length control field 00366nam a22001577a 4500
005 - DATE AND TIME OF LATEST TRANSACTION
control field 20161015151747.0
008 - FIXED-LENGTH DATA ELEMENTS--GENERAL INFORMATION
fixed length control field 161015b xxu||||| |||| 00| 0 eng d
020 ## - INTERNATIONAL STANDARD BOOK NUMBER
ISBN 978-81-7124-902-2
041 ## - LANGUAGE CODE
Language code of text/sound track or separate title eng
100 ## - MAIN ENTRY--AUTHOR NAME
Personal name Trikha, Dr Nandkishore
245 ## - TITLE STATEMENT
Title Press Vidhi
260 ## - PUBLICATION, DISTRIBUTION, ETC. (IMPRINT)
Name of publisher Vishwavidhyalaya
300 ## - PHYSICAL DESCRIPTION
Number of Pages 326
650 ## - SUBJECT ADDED ENTRY--TOPICAL TERM
Topical Term Journlism
942 ## - ADDED ENTRY ELEMENTS (KOHA)
Koha item type Books
Holdings
Lost status Damaged status Collection code Home library Current library Shelving location Date acquired Source of acquisition Cost, normal purchase price Accession Number Koha item type
    LIFE SKILL JRU Library JRU Library SHELF-103-H 15/10/2016 Purchase 125.00 21321 Books
      JRU Library   SHELF-32-I 15/10/2016 Purchase 125.00 21322 Books
      JRU Library   SHELF-32-J 15/10/2016 Purchase 125.00 21323 Books
      JRU Library   SHELF-32-I 15/10/2016 Purchase 125.00 21324 Books
      JRU Library   SHELF-32-J 15/10/2016 Purchase 125.00 21325 Books